logo

Bir Sreshtho Munshi Abdur Rouf Library
Jhenaidah Cadet College

Cry Hungary! : (Record no. 8260)

MARC details
000 -LEADER
fixed length control field 00686nam a22002411 4500
001 - CONTROL NUMBER
JCCL Control Number 8260
003 - CONTROL NUMBER IDENTIFIER
JCCL marc code BD - JhCC
005 - DATE AND TIME OF LATEST TRANSACTION
control field 20180220113318.0
008 - FIXED-LENGTH DATA ELEMENTS--GENERAL INFORMATION
fixed length control field 930122s1986 enk 000 0 eng d
020 ## - INTERNATIONAL STANDARD BOOK NUMBER
International Standard Book Number 0297789600
035 ## - SYSTEM CONTROL NUMBER
system control number (BD - JhCC)8260
040 ## - CATALOGING SOURCE
Original cataloging agency BD-JhCC
Modifying agency BD-JhCC
041 ## - LANGUAGE CODE
Language code of Book eng
082 ## - DEWEY DECIMAL CLASSIFICATION NUMBER
Author mark and Year GAD 1986
100 1# - MAIN ENTRY--PERSONAL NAME
Personal name Gadney, Reg,
Dates associated with a name 1941-
245 10 - TITLE STATEMENT
Title Cry Hungary! :
Remainder of title uprising 1956 /
Statement of responsibility, etc Reg Gadney ; introduction by George Mikes
260 ## - PUBLICATION, DISTRIBUTION, ETC. (IMPRINT)
Place of publication, distribution, etc London :
Name of publisher, distributor, etc Weidenfeld and Nicolson,
Date of publication, distribution, etc c1986
300 ## - PHYSICAL DESCRIPTION
Pagination 169 p ;
Dimensions 26 cm
651 #0 - SUBJECT ADDED ENTRY--GEOGRAPHIC NAME
Geographic name Hungary
General subdivision History
Chronological subdivision Revolution, 1956.
651 #0 - SUBJECT ADDED ENTRY--GEOGRAPHIC NAME
Geographic name Hungary
General subdivision Politics and government
Chronological subdivision 1945-1989.
942 ## - ADDED ENTRY ELEMENTS (KOHA)
Source of classification or shelving scheme Dewey Decimal Classification
Koha item type Books
Holdings
Source of classification or shelving scheme Damaged status Not for loan Home library Current library Shelving location Total Checkouts Full call number Barcode Date last seen Copy number Koha item type
Dewey Decimal Classification     JCC Rouf Library JCC Rouf Library General Stacks   GAD 1986 10811 02/20/2018 C - 1 Books

JCC Library | Contacts | JCC Home

Last Update on 23 September 2017
Copyright @ 2017-2020 JCC Rouf Library
Rouf Library, Jhenidah Cadet College (JCC), Bangladesh